Normal view
MARC view
- Refuse and refuse disposal
Entry Topical Term
001 - CONTROL NUMBER
- control field: 6375
003 - CONTROL NUMBER IDENTIFIER
- control field: NUST
005 - DATE AND TIME OF LATEST TRANSACTION
- control field: 20171115104650.0
008 - FIXED-LENGTH DATA ELEMENTS
- fixed length control field: 171115|| aca||aabn | a|a d
040 ## - CATALOGING SOURCE
- Original cataloging agency: NUST
- Transcribing agency: NUST
150 ## - HEADING--TOPICAL TERM
- Topical term or geographic name entry element: Refuse and refuse disposal
- General subdivision: Environmental aspects
- Form subdivision: Congresses.
670 ## - SOURCE DATA FOUND
- Source citation: Work cat.: (NUST)0: International Conference on Waste Management and the Environment (2nd : 2004 : Rhodes, Greece) 6374, Waste management and the environment II /, c2004.
